| 000 | 00490nam a2200157 a 4500 | ||
|---|---|---|---|
| 005 | 20140412111232.0 | ||
| 008 | 010424s19uu xx 00 eng d | ||
| 020 | _a0-8317-4486-3 | ||
| 050 |
_aTR(PS E _bNi625 1987 |
||
| 100 | _aHawksley, Gerald | ||
| 245 |
_aNip and Nap / : _ba picture storybook / _cwritten by Gerald Hawksley; illustrated by Colin King. |
||
| 260 |
_aNew York : _bGallery Books, _c1987. |
||
| 300 | _a1v. (unp.) ; ill. | ||
| 650 | _aChildren's stories | ||
| 999 |
_c102199 _d102199 |
||